000 01820nam a2200241 a 4500
005 20260322212055.0
008 data
020 _a9786316587534 6316587538
099 _aDVD 1001
100 1 _aMcCarthy, Melissa.
245 1 0 _aGhostbusters :
_banswer the call
_c Columbia Pictures presents ; in association with Village Roadshow Pictures ; written by Katie Dippold & Paul Feig ; produced by Ivan Reitman, Amy Pascal ; directed by Paul Feig ; an Ivan Reitman production. Director of photography, Robert Yeoman ; editors, Brent White, Melissa Bretherton ; music, Theodore Shapiro.
250 _aanamorphic widescreen.
260 _aculver city, california :
_bSony Pictures Home Entertainment,
_c2016.
300 _aDVD video 1 videodisc (approximately 117 min.) : sound, color ;
_b4 3/4 in.
500 _aTitle from initial title frame./ Based on the 1984 film Ghostbusters / an Ivan Reitman film ; written by Dan Aykroyd and Harold Ramis./ Originally released as a motion picture in 2016./ Anamorphic widescreen (2.39:1)./ Special features: Jokes-a-plenty: a free-for-all; Meet the team; Visual effects: 30 years later; Slime time; director's & writer's commentary; filmmaker commentary; photo gallery./ Participants: Melissa McCarthy, Kristen Wiig, Kate McKinnon, Leslie Jones, Charles Dance, Michael Kenneth Williams, Chris Hemsworth./ Audience: MPAA rating: PG-13; for supernatural action and some crude humor.
520 _a Following a ghost invasion of Manhattan, paranormal enthusiasts Erin Gilbert and Abby Yates, nuclear engineer Jillian Holtzmann, and subway worker Patty Tolan band together to stop the otherworldly threat.
650 0 _aComedy films
650 0 _aAction and adventure films
650 0 _aFantasy films
700 1 _aWiig, Kristen,
_d1973-
700 1 _aHemsworth, Chris.
001 data
999 _c1323
_d1323